000 00795nam a2200229 a 4500
001 000022964
003 DO-SdBNP
005 20250611111903.0
008 101123s|||| sp ac r 001 0 spa d
040 _aDO-SdBNP
_bspa
_cBNPHU
049 _aBNGR
082 _a923.945
_bA816c
100 1 _aAsencio, José María
_947221
245 1 0 _aCristóbal Colón :
_bsu vidad, sus viajes, sus descubrimientos /
_cJosé María Asencio.
260 _aBarcelona :
_bEspasa y Compañía,
_c[s.f.].
300 _a2 v. :
_bil. ;
_c31 cm.
500 _aLa biblioteca posee el tomo 2.
504 _aIncluye referencias bibliográficas y notas al pie de las páginas.
650 4 _aAmérica
_xDescubrimiento y exploraciones
_920820
650 4 _aExploradores italianos
_xBiografías
_938976
942 _2ddc
_cLBS1
999 _c22461
_d22461